000 00324nam a22001457a 4500
008 231124b ||||| |||| 00| 0 eng d
020 _a9780335191956
041 _aeng
080 _a618
082 _a618EVE
100 _a15
101 _aGJINEK
245 _aMOTHERHOOD AND MODERNITY
_cEVERINGHAM.CH
942 _2udc
_cBK
999 _c60528
_d60528